Clientes enamorados (Registro nro. 1844)
[ vista simple ]
| 000 -Cabecera | |
|---|---|
| Campo de control de longitud fija | 00669aam a2200289 4500 |
| 005 - Fecha y hora de la última transacción | |
| Campo de control | 20240313161325.0 |
| 008 - Elementos de longitud fija--Información general | |
| Campo de control de longitud fija | 150716b xxu||||| |||| 00| 0 spa d |
| 020 ## - International Standard Book Number | |
| Número Internacional Estándar del Libro (ISBN) | 9788423420353 |
| 041 ## - Idioma | |
| Código de idioma | Español |
| 082 ## - Clasificación Decimal Dewey | |
| Número de clasificación | 658.812 K27c |
| 100 ## - Entrada principal--Autor personal | |
| Nombre personal | Keiningham, Timothy |
| 9 (RLIN) | 14692 |
| 100 ## - Entrada principal--Autor personal | |
| Nombre personal | Vavra, Terry |
| 9 (RLIN) | 14693 |
| 245 ## - Título propiamente dicho | |
| Título | Clientes enamorados |
| 260 ## - Pie de imprenta | |
| Lugar de publicación, distribución, etc. | España |
| 260 ## - Pie de imprenta | |
| Nombre del editor, distribuidor, etc. | Deusto |
| 260 ## - Pie de imprenta | |
| Fecha de publicación, distribución, etc. | 2003 |
| 300 ## - Descripción física | |
| Extensión | 201 páginas |
| 650 ## - Materia general | |
| Temática (materia general) | SERVICIO AL CLIENTE |
| 650 ## - Materia general | |
| Temática (materia general) | PLAN DE MERCADEO |
| 650 ## - Materia general | |
| Temática (materia general) | EMPRESAS |
| 650 ## - Materia general | |
| Temática (materia general) | VENTAS |
| 650 ## - Materia general | |
| Temática (materia general) | PRINCIPIO DE INCERTIDUMBRE |
| 942 ## - Punto de acceso adicional KOHA | |
| Tipo de ítem KOHA | Libro |
| Fuente del sistema de clasificación o colocación | Dewey Decimal Classification |
| Signatura completa | Código de barras | Programa Académico | Tipo de ítem |
|---|---|---|---|
| 658.812 K27c | 1969 | Libro |